Statistics for Top 10 Safest Countries

Click here to take the quiz!

General Stats

  • This quiz has been taken 40 times
  • The average score is 4 of 10

Answer Stats

Crime RateCountry% Correct
16.22Taiwan
83%
15.91Japan
71%
21.18Switzerland
69%
18.1Hong Kong
66%
12Qatar
43%
15.52United Arab Emirates
37%
21.55Oman
31%
22.01Slovenia
17%
20.78Armenia
9%
20.18Georgia
9%

Score Distribution

Percentile by Number Answered

Percent of People with Each Score

Your Score History

You have not taken this quiz